00525nam a2200169Ia 450000500170000000800460001702000180006303700120008104000200009304100130011308400210012610000260014724501000017326000470027330000110032065000240033120250508162834.0008 250505s9999 xx 000 0 eng d a0-19-823960-2 aTextual aFEDLbengcFEDL aeng2eng a181.4, MOHqFEDL aMohanty Jitendra Nath 0aReason and tradition in Indian thought: An essay on the nature of Indian philosophical thinking aOxford, UK bOxford University Pressc1992 ax,306p aOriental philosophy